| 000 | 00591nam a2200217Ia 4500 | ||
|---|---|---|---|
| 003 | OSt | ||
| 005 | 20220927105716.0 | ||
| 006 | a|||||r|||| 00| 0 | ||
| 007 | ta | ||
| 008 | 220926b |||||||| |||| 00| 0 eng d | ||
| 024 | _a200987 | ||
| 037 | _cReference Collections | ||
| 040 |
_aRTL _cRTL _beng |
||
| 041 |
_2eng _aeng |
||
| 082 | _a"n72,N.N77-N76, L7/RR" | ||
| 245 | 0 | _aCanada Yearbok 1976-77 | |
| 260 |
_aCanada _bStatistic Canada _c1977 |
||
| 300 |
_a"xv,1142p." _ccm. |
||
| 942 |
_h"n72,N.N77-N76, L7/RR" _cCC |
||
| 999 |
_c694000 _d694000 |
||